Diseño y producción de TIC para la formación : nuevas tecnologías de la información y la comunicación /

Se aborda el uso de Internet y multimedia como herramientas para la educación. Se incluye el diseño y producción de estas herramientas como lo son los videos educativos, herramientas multimedia e hipermedia, el Internet aplicado a la educación como es el caso de diseños de webquest, blogs y wikis, l...

全面介紹

Guardado en:
書目詳細資料
主要作者: Cabero Almenara, Julio (coord.)
其他作者: Romero Tena, Rosalía (coordinación) (coordinación)
格式: 圖書
語言:西班牙语
出版: Barcelona, España : Universidad Abierta de Cataluña, 2007, c2007
叢編:(Ciencias de la Educación UOC ; 95)
主題:
標簽: 添加標簽
沒有標簽, 成為第一個標記此記錄!

MARC

LEADER 00000nam^a2200000^a^4500
001 000278567
005 20250521000000.0
009 20260310111409.177
020 |a 978-84-9788-663-5 
037 |a Acervo ITESO - Biblioteca 
041 |a ESP 
082 |a 371. 334  |b CAB 
100 |a Cabero Almenara, Julio  |e (coord.) 
245 1 0 |a Diseño y producción de TIC para la formación :  |b nuevas tecnologías de la información y la comunicación /  |c Coord. de J. Cabero Almenara, R. Romero Tena. 
264 4 |a Barcelona, España :  |b Universidad Abierta de Cataluña,  |c 2007, c2007 
300 |a 205 p. 
336 |a texto  |b txt  |2 rdacontenido 
337 |a sin mediación  |b n  |2 rdamedio 
338 |a volumen  |b nc  |2 rdasoporte 
440 1 |a (Ciencias de la Educación UOC ;  |v 95) 
520 |a Se aborda el uso de Internet y multimedia como herramientas para la educación. Se incluye el diseño y producción de estas herramientas como lo son los videos educativos, herramientas multimedia e hipermedia, el Internet aplicado a la educación como es el caso de diseños de webquest, blogs y wikis, las videoconferencias y la incorporación del uso del e-learning. 
649 |a XX 
650 |a Teleconferencias 
650 |a Géneros Multimedia 
650 |a Internet 
650 |a Computadoras en la Educación -  |x Tema Principal 
650 |a Tecnologías de Comunicación e Información -  |x Función Educativa-Cultural -  |x Tema Principal 
650 |a Tecnología Educativa -  |x Tema Principal 
650 |a Metodología Educativa 
650 |a Educación 
700 |a Romero Tena, Rosalía  |e (coordinación) 
910 |a Fondo General 
920 |a Impresos - Libros 
930 |a Colección General 
905 |a 101 
901 |a 0500163898  |b IT1  |c ACC  |u 20250521 
902 |a https://opac.biblio.iteso.mx/vufind/Record/000278567